000 00716nam a22001937a 4500
003 OSt
005 20240605084725.0
008 240605b ||||| |||| 00| 0 eng d
040 _cAIMIT LIBRARY
100 _aMathias, Sharal.
_e2016122
_9169265
245 _aStudy on share price movement analysis of indian stock market with reference to selected stocks /
_cBy Sharal Mathis ; Guided by Vinay Krishna.
260 _aMumbai ;
_c2022.
650 _aIndustry profile company profile and introduction to study
_9169266
650 _aProblem identification
_9169267
650 _aResearch methodolgy
_9169268
700 _aKrishna, Vinay.
_eGuide
_9169269
856 _3Vibgyor advicorp pvt ltd.
942 _2ddc
_cPRO
999 _c231036
_d231036